Sports Quiz

Random Sports or NFL Quiz

NFL Playoff QBs 1994-95 Quiz Stats

 Plays Quiz not verified by Sporcle

Challenge
Share
Tweet
Score 0/22 Timer 05:00
0 Plays Today
Round QB % Correct
AFC Wild CardDan Marino
100%
AFC Wild CardDrew Bledsoe
98.8%
NFC Wild CardBrett Favre
98.8%
AFC DivisionDan Marino
98.8%
NFC DivisionBrett Favre
98.2%
NFC DivisionSteve Young
97.5%
NFC ChampionshipSteve Young
97.5%
NFC ChampionshipTroy Aikman
97.5%
NFC DivisionTroy Aikman
96.9%
Super Bowl XXIXSteve Young
96.9%
AFC DivisionNeil O'Donnell
95.7%
Round QB % Correct
AFC ChampionshipNeil O'Donnell
94.5%
AFC Wild CardJoe Montana
93.9%
AFC DivisionStan Humphries
90.8%
AFC ChampionshipStan Humphries
90.2%
Super Bowl XXIXStan Humphries
89.6%
AFC Wild CardVinny Testaverde
74.8%
AFC DivisionVinny Testaverde
74.8%
NFC Wild CardWarren Moon
63.2%
NFC DivisionSteve Walsh
38.7%
NFC Wild CardDave Krieg
38%
NFC Wild CardSteve Walsh
38%

You're not logged in!

Compare scores with friends on all Sporcle quizzes.
Join for Free
OR
Log In

You Might Also Like...

Show Comments

Extras

Top Quizzes Today


Score Distribution

Your Account Isn't Verified!

In order to create a playlist on Sporcle, you need to verify the email address you used during registration. Go to your Sporcle Settings to finish the process.

Report this User

Report this user for behavior that violates our Community Guidelines.

Details: